[Event "NRW-Liga I 9394"]
[Site "Germany"]
[Date "1994.??.??"]
[Round "?"]
[White "Odendahl, Reiner"]
[Black "Wacker, Peter"]
[Result "1/2-1/2"]
[WhiteElo "2295"]
[BlackElo "2300"]

1.Nf3 d5 2.c4 e6 3.g3 c5 4.cxd5 exd5 5.d4 Nc6 6.Bg2 Nf6 7.O-O Be7 8.Nc3 O-O
9.dxc5 Bxc5 10.Bg5 Be7 11.Rc1 Be6 12.b3 h6 13.Bxf6 Bxf6 14.Qd2 Qa5 15.Rfd1 Rad8
16.Na4 Qxd2 17.Rxd2 Rd6 18.Nc5 b6 19.Nb7 Rd7 20.Rxc6 Rxb7 21.Nd4 Re7 22.e3 Rd8
23.Rc1 Red7 24.Bf1 Kf8 25.Bb5 Rb7 26.Kf1 Bxd4 27.Rxd4 Ke7 28.Ke2 Bd7 29.Ba6 Rbb8
30.Bd3 Rbc8 31.Rxc8 Bxc8 32.Kd2 Bb7 33.Bf5 Rd6 34.Bh3 Rf6 35.f4 Rd6 36.Rd3 Rd8
37.Rc3 Kd6 38.Kd3 Re8 39.Rc1 Ba6+  1/2-1/2

[Event "NRW-Liga I 9394"]
[Site "Germany"]
[Date "1994.??.??"]
[Round "?"]
[White "Matthaei, Alexander"]
[Black "Wacker, Peter"]
[Result "1-0"]
[WhiteElo "2295"]
[BlackElo "2300"]

1.Nf3 d5 2.c4 e6 3.g3 Nf6 4.Bg2 c5 5.O-O Nc6 6.cxd5 exd5 7.d4 Be7 8.Nc3 O-O
9.Bg5 c4 10.Ne5 Be6 11.Nxc4 dxc4 12.Bxf6 Bxf6 13.d5 Bxd5 14.Nxd5 Bxb2 15.Rb1 c3
16.Qb3 Nd4 17.Qc4 Ne6 18.Be4 Re8 19.Bc2 Nf8 20.Rfd1 Qa5 21.Qc7 Qxa2 22.Nxc3 Bxc3
23.Bb3 Ne6 24.Qxc3 Qxe2 25.Re1 Qa6 26.Bd5 Rab8 27.f4 b5 28.Kh1 Qb6 29.Rbc1 b4
30.Qc4  1-0

[Event "BL2-W9394"]
[Site "Germany"]
[Date "1994.??.??"]
[Round "?"]
[White "Telljohann, Sven"]
[Black "Klingelhoefer, Stefan"]
[Result "1/2-1/2"]
[WhiteElo "2385"]
[BlackElo "2275"]

1.Nf3 d5 2.c4 c6 3.d4 e6 4.Qc2 Nf6 5.g3 dxc4 6.Qxc4 b5 7.Qc2 Bb7 8.Bg2 Nbd7
9.O-O c5 10.Bg5 Rc8 11.dxc5 Bxc5 12.Qd3 a6 13.Nbd2 Qb6 14.Nb3 Be4 15.Qd2 Be7
16.Rac1 O-O 17.Rfd1 Bd5 18.Qd4 h6 19.Bf4 Qb7 20.Ne1 Bxg2 21.Nxg2 Rxc1 22.Rxc1 Rc8
23.Rxc8+ Qxc8 24.Ne1 Nd5 25.Bc1 Bf6 26.Qd1 Qc4 27.a3 Qa4 28.Qd3 Ne5 29.Qc2 Qc4
30.Qxc4 Nxc4 31.Nd3 a5 32.e4 Ndb6 33.Nbc5 a4 34.b3 axb3 35.Nxb3 Na4 36.Kf1 Be7
37.Nd4 Bxa3 38.Nxb5 Bxc1 39.Nxc1 Nc5 40.f3  1/2-1/2

[Event "Landesliga S9495 Bayern"]
[Site "Germany"]
[Date "1994.??.??"]
[Round "2"]
[White "Schneider, Richard"]
[Black "Kuenzner, Franz"]
[Result "0-1"]
[WhiteElo "2220"]
[BlackElo "2295"]

1.Nf3 d5 2.c4 e6 3.d4 c6 4.Nc3 f5 5.Bf4 Nf6 6.e3 Be7 7.h3 Ne4 8.Bd3 O-O 9.Qc2 Nd7
10.Ne5 Kh8 11.O-O-O Qa5 12.f3 Nxc3 13.bxc3 Nxe5 14.Bxe5 dxc4 15.Bxc4 b5 16.Bb3 c5
17.dxc5 Bxc5 18.Kb1 Qb6 19.g4 a5 20.gxf5 Rxf5 21.Bxg7+ Kxg7 22.Rhg1+ Kf8
23.Rg8+ Kxg8 24.Qxf5 Bf8 25.Qg5+ Kf7 26.Qh5+ Ke7 27.Qxh7+ Ke8 28.Bc2 Bd6
29.Qg8+ Kd7 30.Qf7+ Kd8 31.Rg1 Be7 32.Rg8+ Kd7 33.Qe8+ Kd6 34.Rg7 Qc7 35.e4 Ra7
36.e5+ Kc5 37.Be4 Bb7 38.Bd3 Bc6 39.Qh5 Qd8 40.Bc2 Qd2  0-1

[Event "Giessen Feb-IM"]
[Site "Giessen"]
[Date "1994.??.??"]
[Round "10"]
[White "Reschke, Stefan"]
[Black "Roeberg, Frank"]
[Result "1-0"]
[WhiteElo "2390"]
[BlackElo "2310"]

1.Nf3 d5 2.c4 e6 3.b3 Nf6 4.g3 b6 5.Bg2 Bb7 6.Bb2 Bd6 7.O-O O-O 8.Nc3 a6
9.Qc2 Nbd7 10.cxd5 Nxd5 11.Nxd5 exd5 12.h4 h6 13.Qf5 Qe7 14.e3 Nc5 15.Nd4 Ne4
16.d3 g6 17.Qg4 Nf6 18.Qe2 Rae8 19.Rae1 c5 20.Nc2 Be5 21.Bxe5 Qxe5 22.Qd2 Kg7
23.b4 Qc7 24.bxc5 bxc5 25.Qc3 Re6 26.Rc1 Qd6 27.Qa3 g5 28.hxg5 hxg5 29.Na1 Rc8
30.Nb3 Nd7 31.Rc2 c4 32.Qb2+ Qe5 33.dxc4 Rxc4 34.Nd4 Rb6 35.Qc1 Rcb4 36.a3 Ra4
37.Rc7 Nf6 38.Qc5 Rb2 39.Re7 Qb8 40.Nf5+ Kg6 41.Nd6 Rb3 42.Qc2+  1-0

[Event "Graz op"]
[Site "Graz"]
[Date "1994.??.??"]
[Round "2"]
[White "Mohr, Georg"]
[Black "Zumtobel, Thomas"]
[Result "1-0"]
[WhiteElo "2435"]
[BlackElo "1970"]

1.Nf3 d5 2.c4 e6 3.g3 Nf6 4.Bg2 Be7 5.O-O O-O 6.b3 b6 7.Nc3 Bb7 8.e3 c5 9.Bb2 Nc6
10.d3 Nb4 11.a3 Nc6 12.Rc1 Rc8 13.Ba1 Rc7 14.Qc2 Rd7 15.cxd5 Nxd5 16.Ne2 Bf6
17.Bxf6 Qxf6 18.Rfd1 Rfd8 19.Qb1 Nce7 20.e4 Nc7 21.b4 Ba6 22.Ne1 cxb4 23.axb4 e5
24.Qa1 Nc6 25.f4 Nxb4 26.fxe5 Qe7 27.Nf4 Ne6 28.Nd5 Nxd5 29.exd5 Nc5 30.d4 Nb3
31.Qxa6 Nxc1 32.Rxc1  1-0

[Event "Graz op"]
[Site "Graz"]
[Date "1994.??.??"]
[Round "4"]
[White "Barczay, Laszlo"]
[Black "Kovacevic, Vlatko"]
[Result "1/2-1/2"]
[WhiteElo "2410"]
[BlackElo "2485"]

1.Nf3 d5 2.c4 e6 3.g3 c6 4.Qc2 Nf6 5.Bg2 b5 6.d3 Be7 7.O-O O-O 8.Nbd2 a5
9.cxb5 cxb5 10.Nb3 Na6 11.Bf4 Bb7 12.Rfc1 Rc8 13.Qd2 Bb4 14.Rxc8 Bxc8 15.Qc2 Bd7
16.a3 Be7 17.Rc1 b4 18.axb4 Bxb4 19.Nbd4 Qa8 20.Ne5 Rc8 21.Qd1 Be8 22.Rxc8 Qxc8
23.Qc1  1/2-1/2

[Event "Graz-ch"]
[Site "Graz"]
[Date "1994.??.??"]
[Round "5"]
[White "Mallner, W."]
[Black "Pfaffel, Thomas"]
[Result "0-1"]
[WhiteElo "2020"]
[BlackElo "1970"]

1.Nf3 d5 2.c4 e6 3.g3 Nf6 4.Bg2 Be7 5.b3 c5 6.cxd5 exd5 7.d4 b6 8.O-O Bb7
9.Bb2 O-O 10.Nc3 Nc6 11.Rc1 Re8 12.e3 Rc8 13.Ne5 Nxe5 14.dxe5 Ne4 15.Bh3 Nxc3
16.Bxc3 Rc6 17.Qe2 Rh6 18.Bg2 Qc8 19.Qf3 Bd8 20.Qe2 Ba6 21.Qb2 Bxf1 22.Bxf1 Qe6
23.Rc2 f6 24.e4 Kh8 25.exd5 Qxd5 26.Bc4 Qd1+ 27.Kg2 fxe5 28.f4 Qh5 29.Kg1 Bf6
30.Rf2 exf4 31.Bxf6 Rxf6 32.gxf4 Qg4+ 33.Rg2 Qxf4 34.Qd2 Qe5 35.Re2 Qa1+
36.Kg2 Qf1+ 37.Kg3 Qf3+ 38.Kh4 Rf4+ 39.Qxf4 Qxf4+  0-1

[Event "Graz op"]
[Site "Graz"]
[Date "1994.??.??"]
[Round "6"]
[White "Kozul, Zdenko"]
[Black "Burmakin, Vladimir"]
[Result "1-0"]
[WhiteElo "2550"]
[BlackElo "2530"]

1.Nf3 d5 2.c4 c6 3.e3 Nf6 4.Nc3 e6 5.a3 Nbd7 6.b4 Bd6 7.Bb2 O-O 8.Qc2 a5
9.b5 c5 10.Ng5 d4 11.Nce4 Nxe4 12.Nxe4 Be5 13.f4 Bc7 14.Ng5 Nf6 15.Nf3 b6
16.Bd3 Bb7 17.O-O Bxf3 18.Rxf3 e5 19.Raf1 Re8 20.Bf5 exf4 21.exd4 cxd4 22.Qd3 Be5
23.R3f2 g6 24.Bh3 Qd6 25.Re2 Rad8 26.Qf3 Qc5 27.d3 Bc7 28.Rxe8+ Rxe8 29.Qc6 Qe5
30.Bc1 g5 31.g3 Qd6 32.gxf4 Qxc6 33.bxc6 g4 34.Bg2 Bd6 35.f5 h5 36.Bf4 Bxf4
37.Rxf4 Kf8 38.Rxd4 Ke7 39.Kf2 Rd8 40.Rxd8 Kxd8 41.Kg3 a4 42.Kh4 Ke7 43.Kg5 Ne8
44.Kxh5 g3 45.hxg3 Nc7 46.g4  1-0

[Event "Graz-ch"]
[Site "Graz"]
[Date "1994.??.??"]
[Round "7"]
[White "Mallner, W."]
[Black "Koeck, F."]
[Result "1-0"]
[WhiteElo "2020"]
[BlackElo "1930"]

1.Nf3 d5 2.c4 c6 3.b3 Nf6 4.g3 Bf5 5.Bg2 e6 6.Ba3 Bd6 7.Bxd6 Qxd6 8.d3 Nbd7
9.O-O Bg4 10.Nc3 d4 11.Nb1 Bxf3 12.exf3 g5 13.Nd2 h5 14.Re1 Ne5 15.Ne4 Nxe4
16.Rxe4 f5 17.Re1 Ng6 18.Qe2 Kd7 19.c5 Qe7 20.b4 a6 21.a4 h4 22.Qb2 e5 23.b5 axb5
24.axb5 Qxc5 25.bxc6+ Qxc6 26.f4 Qc7 27.Rac1 Qb8 28.Qb5+ Ke7 29.Qb6 Kf7 30.Bd5+ Kg7
31.fxg5 Qf8 32.Rc7+ Ne7 33.Rxe5 Re8 34.Re6 Rh5 35.Rf6 Qh8 36.Rf7+ Kg8 37.Rfxe7+  1-0

[Event "Groningen"]
[Site "Groningen"]
[Date "1994.??.??"]
[Round "4"]
[White "Azmaiparashvili, Zurab"]
[Black "Hodgson, Julian M"]
[Result "1-0"]
[WhiteElo "2625"]
[BlackElo "2580"]

1.Nf3 d5 2.c4 c6 3.d4 Nf6 4.Nc3 a6 5.a4 g6 6.e3 Bg7 7.b4 Bg4 8.Be2 Nbd7 9.cxd5 Nxd5
10.Nxd5 cxd5 11.Qb3 e6 12.Ba3 O-O 13.Rc1 Bxf3 14.gxf3 Qg5 15.Rc7 Qg2 16.Rf1 Nb6
17.b5 Rfb8 18.Bd6 Nc4 19.Bg3 Na5 20.Qb4 axb5 21.Qxb5 Rd8 22.Kd2 e5 23.dxe5 d4
24.exd4 Nc6 25.Qb3 Rxd4+ 26.Kc3 Nd8 27.Kxd4 Ne6+ 28.Kc3 Nxc7 29.Qxb7 Qh3
30.Rd1 Bf8 31.Bc4 Qf5 32.Qxc7 Rc8 33.Qd7  1-0

[Event "Groningen op"]
[Site "Groningen"]
[Date "1994.??.??"]
[Round "5"]
[White "Kozul, Zdenko"]
[Black "Ziatdinov, Raset"]
[Result "1-0"]
[WhiteElo "2575"]
[BlackElo "2410"]

1.Nf3 d5 2.c4 e6 3.e3 Nf6 4.a3 Be7 5.b4 O-O 6.Bb2 a5 7.b5 c6 8.Nc3 Ne4 9.Qc2 Nxc3
10.Bxc3 cxb5 11.cxd5 Qxd5 12.Qb2 f6 13.Bxb5 Bd7 14.Be2 Na6 15.O-O Nc5 16.Rfb1 Bc6
17.Bd4 Rfc8 18.Bxc5 Bxc5 19.Bb5 Ba7 20.Bxc6 Rxc6 21.Qa2 Qd7 22.g3 Rac8 23.a4 Rc4
24.Kg2 R8c5 25.d4 Rc7 26.Rb5 Qc6 27.h4 Qe4 28.Re1 h6 29.h5 Kh7 30.Rxa5 Rc2
31.Qb1 Bb8 32.Re2 f5 33.Re5 Qd3 34.Rxc2 Rxc2 35.Qb5 Qd1 36.Rxe6 Rxf2+ 37.Kxf2 Qc2+
38.Kf1 Bxg3 39.Qe2 Qxa4 40.Rg6 f4 41.e4  1-0

[Event "Groningen op"]
[Site "Groningen"]
[Date "1994.??.??"]
[Round "8"]
[White "Szekely, Peter"]
[Black "Taeger, Winfried"]
[Result "1/2-1/2"]
[WhiteElo "2490"]
[BlackElo "2325"]

1.Nf3 d5 2.c4 c6 3.cxd5 cxd5 4.d4 Nf6 5.Nc3 Nc6 6.Bf4 Ne4 7.e3 Nxc3 8.bxc3 g6
9.Ne5 Nxe5 10.Bxe5 f6 11.Bg3 Bg7 12.Qb3 O-O 13.Rc1 e5 14.Be2 Be6 15.Qxb7 Qb6
16.Qxb6 axb6 17.Rc2 Rfc8 18.Bd3 Ra3 19.Kd2  1/2-1/2

[Event "Hamburg-ch"]
[Site "Hamburg"]
[Date "1994.??.??"]
[Round "5"]
[White "Wilhelmi, Christian"]
[Black "Maahs, Erich"]
[Result "1-0"]
[WhiteElo "2280"]
[BlackElo "2245"]

1.Nf3 d5 2.c4 d4 3.g3 Nc6 4.Bg2 e5 5.d3 Nf6 6.O-O Be7 7.b4 Nxb4 8.Nxe5 O-O
9.a3 Na6 10.Bb2 Qd6 11.Nf3 c5 12.e3 dxe3 13.fxe3 Ng4 14.Qc2 Qh6 15.Re1 Nc7
16.Nbd2 Ne6 17.Nf1 Bf6 18.Rab1 Re8 19.Bxf6 Qxf6 20.Qb2 Rb8 21.Qxf6 Nxf6 22.Ne5 b6
23.Nc6 Rb7 24.d4 cxd4 25.exd4 Rc7 26.d5 Nc5 27.d6 Rxc6 28.Bxc6 Re6 29.Rxe6 fxe6
30.Rd1 Kf7 31.Nd2 Bd7 32.Nf3 Ke8 33.Bxd7+ Ncxd7 34.Nd4 Kf7 35.Nc6 e5 36.Nxa7 Ke6
37.Nb5 e4 38.Nc7+ Ke5 39.Nd5 Ne8 40.Nxb6 Nxb6 41.c5  1-0

[Event "Harkany op"]
[Site "Harkany"]
[Date "1994.??.??"]
[Round "1"]
[White "Sale, Srdjan"]
[Black "Maraczi, Erno"]
[Result "1-0"]
[WhiteElo "2405"]
[BlackElo "2125"]

1.Nf3 d5 2.c4 e6 3.g3 c6 4.Qc2 f5 5.Bg2 Nf6 6.O-O Bd6 7.d4 O-O 8.b3 Qe8 9.Ba3 Bxa3
10.Nxa3 Qh5 11.b4 a6 12.Qb3 Ne4 13.b5 g5 14.bxc6 bxc6 15.Qc2 Rf6 16.Ne5 Rh6
17.h3 Bd7 18.Rab1 Qe8 19.Rb7 Nd6 20.Qb3 Rf6 21.Rb1 Rf8 22.c5 Nb5 23.Nc2 Bc8
24.Rxb8 Rxb8 25.a4 Nxd4 26.Qxb8 Nxe2+ 27.Kf1 Nc3 28.Rb3 Ne4 29.Kg1 Qh5 30.g4 fxg4
31.Nxg4 Nxc5 32.Rf3 Rxf3 33.Bxf3 Qxh3 34.Qxc8+ Kg7 35.Qc7+ Kg6 36.Qxc6 h5
37.Qe8+ Kg7 38.Qe7+  1-0

[Event "Harkany op"]
[Site "Harkany"]
[Date "1994.??.??"]
[Round "1"]
[White "Fancsy, Imre"]
[Black "Zdjelar, Dusan"]
[Result "1/2-1/2"]
[WhiteElo "2415"]
[BlackElo "2185"]

1.Nf3 d5 2.c4 c6 3.g3 Nf6 4.Bg2 e6 5.Qc2 Be7 6.O-O O-O 7.d4 Ne4 8.b3 Nd7
9.Ne1 f5 10.f3 Nd6 11.Nd3 Nf6 12.Nd2 Nf7 13.Bb2 Ng5 14.e3 Bd6 15.Nf2 Qe8
16.e4 fxe4 17.fxe4 Qg6 18.Rac1 Bb4 19.Bc3 Bxc3 20.Qxc3 Bd7 21.Qe3 h5 22.e5 Ng4
23.Nxg4 hxg4 24.Rf4 Rxf4 25.Qxf4 Nh7  1/2-1/2

[Event "Harkany op"]
[Site "Harkany"]
[Date "1994.??.??"]
[Round "9"]
[White "Fancsy, Imre"]
[Black "Sulava, Nenad"]
[Result "1/2-1/2"]
[WhiteElo "2415"]
[BlackElo "2410"]

1.Nf3 d5 2.c4 c6 3.g3 Nf6 4.Bg2 dxc4 5.Na3 b5 6.Ne5 a6 7.d3 cxd3 8.Nxc6 Nxc6
9.Bxc6+ Bd7 10.Bxa8 Qxa8 11.f3 dxe2 12.Qxe2 h5 13.Bg5 Nd5 14.Nc2 f6 15.Bd2 Kf7
16.Qd3 g6 17.Ne3 Bc6 18.Nxd5 Bxd5 19.Kf2 g5 20.a4 g4 21.axb5 Bxf3 22.Rxa6 Qb7
23.Rc1 h4 24.gxh4 Rxh4 25.Bf4 Rh5 26.Rc7 Qxb5 27.Qc4+ Qxc4 28.Rxc4 Rf5 29.Ke3 e5
30.Rc7+ Kg6 31.Bg3 Bh6+ 32.Kd3 e4+ 33.Kc3 e3 34.Re6 e2 35.Re8 Rd5 36.b4 Rd1
37.Rce7 Bd2+ 38.Kb3 Be1 39.b5 Bxg3 40.hxg3 Rg1 41.Kc2 Rxg3 42.b6 Rg2 43.Kd2 Rg1
44.Rxe2  1/2-1/2

[Event "Hastings op9495"]
[Site "Hastings"]
[Date "1994.??.??"]
[Round "?"]
[White "Plaskett, Jim"]
[Black "Hunt, Harriet"]
[Result "0-1"]
[WhiteElo "2485"]
[BlackElo "2225"]

1.Nf3 d5 2.c4 e6 3.b3 Nf6 4.Bb2 c5 5.e3 Nc6 6.cxd5 exd5 7.Bb5 Bd6 8.Ne5 Qc7
9.f4 O-O 10.Bxc6 bxc6 11.O-O Nd7 12.Nxd7 Bxd7 13.Qc2 Rfe8 14.Nc3 f6 15.Na4 d4
16.Rfe1 dxe3 17.dxe3 Re7 18.Nxc5 Rae8 19.Nxd7 Qxd7 20.Rad1 Rxe3 21.Qc4+ Kh8
22.Rxe3 Rxe3 23.Kf1 Qe8 24.Qd4 Bc7 25.Qxa7 Re7 26.Qf2 Qh5 27.Qf3 Qxh2 28.Bd4 Qh1+
29.Bg1 Bb6 30.Qf2 Qh5 31.Qf3 Qb5+ 32.Qd3 Rd7 33.Qxb5 Rxd1+ 34.Ke2 cxb5 35.Bxb6 Ra1
36.b4 Rxa2+ 37.Kf3 Kg8 38.f5 g6 39.fxg6 hxg6 40.g4 Kf7  0-1

[Event "Havana op"]
[Site "Havana"]
[Date "1994.??.??"]
[Round "1"]
[White "Nogueiras, Jesus"]
[Black "Sequera, Jose"]
[Result "1-0"]
[WhiteElo "2550"]
[BlackElo "2330"]

1.Nf3 d5 2.c4 e6 3.g3 dxc4 4.Qa4+ Bd7 5.Qxc4 Bc6 6.Bg2 Nf6 7.O-O Nbd7 8.Nc3 Nc5
9.b4 Bd5 10.Nxd5 exd5 11.Qc2 Ne6 12.Bb2 Be7 13.Bh3 g6 14.b5 O-O 15.Ne5 Qd6
16.Nd3 Nd7 17.a4 c5 18.bxc6 bxc6 19.Ba3 c5 20.Bxe6 fxe6 21.Nxc5 Nxc5 22.d4 Rac8
23.Bxc5 Qa6 24.Rac1 Bxc5 25.dxc5 Rc7 26.Rb1 Rfc8 27.Rb5 Qc6 28.Qd3 e5 29.Rc1 Rf8
30.Ra5 Rcf7 31.Ra6 e4 32.Rxc6 exd3 33.exd3 Rxf2 34.Rc8 Rxc8 35.Kxf2 Kf7 36.Ke3 Ke6
37.Kd4 Rd8 38.c6 Kd6 39.c7 Rc8 40.Rc5  1-0

[Event "Havana op"]
[Site "Havana"]
[Date "1994.??.??"]
[Round "6"]
[White "Antunes, Antonio"]
[Black "Slobodjan, Roman"]
[Result "1/2-1/2"]
[WhiteElo "2465"]
[BlackElo "2440"]

1.Nf3 d5 2.c4 c6 3.cxd5 cxd5 4.d4 Nf6 5.Nc3 Nc6 6.Bf4 a6 7.Rc1 e6 8.e3 Bd7
9.Bd3 Be7 10.h3 b5 11.O-O Na5 12.Ne5 Nc4 13.Qe2 Rc8 14.e4 O-O 15.Nxd7 Qxd7
16.e5 Ne8 17.b3 Na5 18.Nb1 Nc6 19.Be3 f5 20.exf6 Bxf6 21.Nd2 Nd6 22.Nf3 Nf5
23.Bxf5 exf5 24.Qd2 h6 25.Rfd1 Rfe8 26.Bf4 Kh7 27.Qd3 Re4 28.Be3 Kh8 29.Nd2 Ree8
30.Nf3 Re4 31.Nd2 Ree8 32.Nf3 Re4  1/2-1/2

[Event "Horgen SKA"]
[Site "Horgen"]
[Date "1994.??.??"]
[Round "5"]
[White "Fioramonti, Hung"]
[Black "Masserey, Yvan"]
[Result "1/2-1/2"]
[WhiteElo "2415"]
[BlackElo "2300"]

1.Nf3 d5 2.c4 e6 3.g3 Nf6 4.Bg2 Be7 5.O-O O-O 6.d4 dxc4 7.Qc2 a6 8.Qxc4 b5
9.Qc2 Bb7 10.Bg5 Nbd7 11.Nbd2 Rc8 12.Bxf6 Nxf6 13.Nb3 c5 14.dxc5 Bd5 15.Rfd1 Qc7
16.Ne1 Bxc5 17.Nxc5 Qxc5 18.Qxc5 Rxc5 19.Bxd5 Nxd5 20.Rd2 Rfc8 21.Kg2 Kf8
22.Rad1 Ke7 23.Nd3 Rc2 24.Nf4 Nxf4+ 25.gxf4  1/2-1/2

[Event "Hradec Kralove op"]
[Site "Hradec Kralove"]
[Date "1994.??.??"]
[Round "1"]
[White "Uchytil, M."]
[Black "Cerny, Martin"]
[Result "0-1"]
[WhiteElo "1845"]
[BlackElo "2145"]

1.Nf3 d5 2.c4 c6 3.Qc2 Nf6 4.b3 Bg4 5.Ne5 Bh5 6.Bb2 Nbd7 7.d3 Nxe5 8.Bxe5 Nd7
9.Bb2 e5 10.Nd2 Bc5 11.e3 Qg5 12.Nf3 Bxf3 13.gxf3 Qh5 14.Qd2 d4 15.O-O-O O-O
16.b4 Be7 17.Kc2 a5 18.a3 axb4 19.axb4 Ra4 20.c5 b6 21.exd4 exd4 22.Ra1 Rxa1
23.Bxa1 bxc5 24.bxc5 Nxc5 25.f4 Ra8 26.Bb2 Bf6 27.h3 Na4 28.Rg1 Nxb2 29.Kxb2 Qh4
30.Rg5 Bxg5 31.fxg5 h6 32.f4 hxg5 33.fxg5 Qg3 34.Bg2 Qd6  0-1

[Event "HUN-chT 9394"]
[Site "?"]
[Date "1994.??.??"]
[Round "?"]
[White "Vadasz, Laszlo"]
[Black "Karolyi, Tibor Jr"]
[Result "1/2-1/2"]
[WhiteElo "2375"]
[BlackElo "2395"]

1.Nf3 d5 2.c4 c6 3.cxd5 cxd5 4.d4 Nf6 5.Nc3 Nc6 6.Bf4 a6 7.e3 Bg4 8.Be2 e6
9.O-O Bd6 10.Bxd6 Qxd6 11.h3 Bxf3 12.Bxf3 O-O 13.Rc1 Rfc8  1/2-1/2

[Event "HUN-chT 9394"]
[Site "?"]
[Date "1994.??.??"]
[Round "?"]
[White "Hever, Miklos"]
[Black "Bali, Janos"]
[Result "1-0"]
[WhiteElo "2330"]
[BlackElo "2210"]

1.Nf3 d5 2.c4 c6 3.Qc2 Nf6 4.g3 g6 5.b3 Bg7 6.Bb2 O-O 7.Bg2 a5 8.O-O Na6
9.d3 Bg4 10.Nbd2 Rc8 11.a3 Bxf3 12.Nxf3 Nc5 13.b4 Ncd7 14.e4 Re8 15.e5 Ng4
16.e6 fxe6 17.Bxg7 Kxg7 18.Ng5 Nf8 19.Bh3 Nf6 20.Bxe6 Rc7 21.Qd2 Qb8 22.Rfe1 h6
23.Nf3 Nxe6 24.Rxe6 dxc4 25.dxc4 axb4 26.axb4 Rf8 27.Rae1 Ng8 28.Ne5 Rf6
29.Ng4 Rxe6 30.Rxe6 Qe8 31.h4 h5 32.Ne5 Nf6 33.Qg5 Kh7 34.Qf4 Qg8 35.Nf3 Rd7
36.Qe5 Qd8 37.Ng5+ Kg7 38.Rxc6 Rd1+ 39.Kg2 Qd7 40.Rc7  1-0

[Event "HUN-chT 9394"]
[Site "?"]
[Date "1994.??.??"]
[Round "?"]
[White "Hever, Miklos"]
[Black "Anka, Emil"]
[Result "0-1"]
[WhiteElo "2330"]
[BlackElo "2390"]

1.Nf3 d5 2.c4 dxc4 3.Nc3 Nf6 4.e3 a6 5.a4 e6 6.Bxc4 c5 7.O-O Be7 8.d4 O-O
9.Qe2 Nc6 10.Rd1 cxd4 11.Nxd4 Qc7 12.Nxc6 Qxc6 13.e4 b6 14.Bg5 Bb7 15.Rac1 h6
16.Nd5 exd5 17.Bxd5 Qxa4 18.Bxf6 Bxd5 19.Bxe7 Bb3 20.Bxf8 Bxd1 21.Qxd1 Qxd1+
22.Rxd1 Kxf8 23.Rd6 b5 24.Rb6 Re8 25.f3 Re6 26.Rb8+ Ke7 27.Rb7+ Kf6 28.Kf2 Rc6
29.b4 g5 30.Kg3 Kg6 31.h4 gxh4+ 32.Kxh4 Kg7 33.Ra7 Rc4 34.g4 Rxb4 35.Rxa6 Rb1
36.Rb6 b4 37.Kg3 b3 38.Kf4 b2 39.Ke5 Rf1 40.Rxb2 Rxf3 41.Rg2 Kg6 42.Kd5 Kg5
43.e5 Rf4 44.e6 fxe6+ 45.Kxe6 Rxg4 46.Rh2 h5 47.Ke5 h4 48.Ra2 h3 49.Ra8 Rb4
50.Rg8+ Kh4 51.Kf5 h2 52.Rh8+ Kg3 53.Rg8+ Kh3 54.Rh8+ Rh4  0-1

[Event "HUN-chT 9394"]
[Site "?"]
[Date "1994.??.??"]
[Round "?"]
[White "Hever, Miklos"]
[Black "Meszaros, Gy"]
[Result "0-1"]
[WhiteElo "2330"]
[BlackElo "2465"]

1.Nf3 d5 2.c4 e6 3.d4 Nf6 4.g3 c6 5.Bg2 Nbd7 6.Nc3 dxc4 7.Nd2 Nb6 8.e3 e5
9.dxe5 Ng4 10.Nf3 Qxd1+ 11.Nxd1 Nd7 12.e6 fxe6 13.Bd2 Nge5 14.Nxe5 Nxe5 15.Bc3 Nd3+
16.Ke2 e5 17.Be4 Nc5 18.Bc2 e4 19.f3 Bf5 20.Ke1 Nd3+ 21.Bxd3 cxd3 22.fxe4 Bxe4
23.Rf1 O-O-O 24.Rf4 Bg6 25.Nf2 Bd6 26.Ra4 Bc5 27.Kd2 Rhf8 28.Rf4 Rfe8 29.Re1 Bd6
30.Rd4 Rf8 31.Nh3 Rf3 32.e4 c5 33.Rd5 Bf7 34.Rf5 Rxf5 35.exf5 g6 36.f6 Bxa2
37.Ra1 Bc4 38.Rxa7 Re8 39.Ra8+ Kd7 40.Rxe8 Kxe8 41.Ng5 h6 42.Ne4 Bf8 43.Nf2 b5
44.Nxd3 b4 45.Be5 Kf7 46.Bc7  0-1

[Event "HUN-chT2 9394"]
[Site "?"]
[Date "1994.??.??"]
[Round "?"]
[White "Fancsy, Imre"]
[Black "Videki, Sandor"]
[Result "1/2-1/2"]
[WhiteElo "2400"]
[BlackElo "2405"]

1.Nf3 d5 2.c4 c6 3.g3 Bg4 4.Bg2 dxc4 5.Qc2 Qd5 6.Na3 Be6 7.O-O Nd7 8.Rd1 Ngf6
9.d3 cxd3 10.Rxd3 Qc5 11.Rc3 Qf5 12.Qd1 Ne4 13.Re3 Ndf6 14.Qe1 Bd5 15.Nh4 Qc8
16.f3 Nc5 17.Rc3 Na4 18.Rc2 g6 19.e4 Be6 20.Bf4 Bg7 21.Nb5 O-O 22.Nc7 Nh5
23.Nxa8 Nxb2 24.Rb1 Nd3 25.Qe3 Ndxf4 26.gxf4 Qxa8 27.f5 Bd7 28.fxg6 hxg6
29.Qb3 Be6 30.Qxb7 Bf6 31.Nxg6 fxg6 32.a4 c5 33.Kh1 c4 34.Qa6 Nf4 35.Rxc4 Bxc4
36.Qxc4+ Kg7 37.Qc1 g5 38.Qe3 Rb8 39.Rg1 Be5 40.Qc5 Ng6 41.Bh3 Rb2 42.Rxg5 Rxh2+
43.Kg1 Rxh3 44.Qxe5+ Kh7 45.Rxg6 Kxg6 46.Qe6+ Kg5 47.Qf5+ Kh6 48.Qxh3+ Kg7
49.Qg4+ Kf7 50.Qf5+ Kg7 51.Qe5+ Kf7 52.Qf5+ Kg7 53.a5 Qc6 54.Kf2 e6 55.Qe5+ Kf7
56.Kg3 a6 57.Kg4 Qc8 58.Qh5+ Ke7 59.Qg5+ Kd6 60.Qd2+ Ke7 61.Qb4+ Kf6 62.Kg3 Qc7+
63.Kf2 Qh2+ 64.Ke3 Qg1+ 65.Kd3 Qf1+ 66.Kd4 Qf2+ 67.Kc4 Qe2+ 68.Kd4 Qf2+ 69.Kc4 Qe2+
70.Kc5 Qxf3 71.Kb6 Qd3 72.Qb2+ e5 73.Qf2+ Ke7  1/2-1/2

[Event "HUN-chT2 9394"]
[Site "?"]
[Date "1994.??.??"]
[Round "?"]
[White "Orso, Miklos"]
[Black "Taskovits, Istvan"]
[Result "1-0"]
[WhiteElo "2330"]
[BlackElo "2220"]

1.Nf3 d5 2.c4 e6 3.b3 Nf6 4.Bb2 c5 5.e3 Nc6 6.cxd5 exd5 7.Be2 Be7 8.O-O O-O
9.d4 b6 10.Nc3 cxd4 11.Nxd4 Nxd4 12.Qxd4 Bc5 13.Qf4 Bd6 14.Qh4 Bb7 15.Rad1 Rc8
16.Nb5 Be7 17.Bd3 g6 18.Qh6 Nh5 19.Ba3 Bxa3 20.Nxa3 f5 21.Nb5 Qe7 22.Nd4 Nf6
23.Qg5 Kh8 24.h4 Qe5 25.g3 Rc3 26.Rfe1 a6 27.Bb1 Rfc8 28.Ne2 R3c7 29.Nf4 Rg8
30.Rd4 Ng4 31.h5 gxh5 32.Qxf5 h4 33.Ne6 Bc8 34.Rxg4 Qxe6 35.Rxg8+ Kxg8 36.Qg5+ Rg7
37.Qd8+ Kf7 38.Qxh4 Qc6 39.Qf4+ Kg8 40.e4 Be6 41.Rd1 Rd7 42.Rc1 Qb7 43.Qg5+ Kf7
44.Qh5+ Kf8 45.Qh6+ Ke7 46.Qg7+ Bf7 47.e5 Kd8 48.Bf5  1-0

[Event "JUG-chT"]
[Site "Igalo"]
[Date "1994.??.??"]
[Round "?"]
[White "Rajkovic, V."]
[Black "Buljovcic, Ivan"]
[Result "1/2-1/2"]
[WhiteElo "2435"]
[BlackElo "2380"]

1.Nf3 d5 2.c4 d4 3.a3 c5 4.e3 Nc6 5.exd4 Nxd4 6.Nxd4 Qxd4 7.Nc3 e5 8.Qe2 Bd7
9.d3 Bc6 10.Nd5 Bxd5 11.Be3 Qh4 12.cxd5 Bd6 13.Rc1 Qe7 14.g4 Nf6 15.Bg2 O-O
16.g5 Ne8 17.Rg1 f5 18.gxf6 Nxf6 19.h4 b6 20.h5 Qf7 21.h6 g6 22.Qf3 Rae8
23.Rc4 Nh5 24.Qxf7+ Rxf7 25.Kd2 Nf4 26.Be4 Rd8 27.Rg5 Nh3 28.Rg2 Nf4 29.Rg4 Bf8
30.Rg5 Nxd5 31.Rxe5 Nxe3 32.fxe3 Rfd7 33.b4 cxb4 34.axb4 Bxh6 35.Ke2 Bf8
36.b5 Bd6 37.Rg5 Kg7 38.d4 Be7 39.Rg4 Bf6 40.Rc6 g5 41.Bxh7 Bxd4 42.Bf5 Re7
43.Rxg5+ Kf8 44.Be6 Bg7 45.Bd5 Re5 46.Rxe5 Bxe5 47.e4 Rd7 48.Kf3 Rg7 49.Re6 Re7
50.Rh6 Ke8 51.Kg4 Kd7 52.Kf5 Bg7 53.Rc6 Re5+ 54.Kg6 Bh8 55.Kh7 Rh5+ 56.Kg8 Bd4
57.Kf7 Rh7+ 58.Kg6 Re7 59.Rc4 Bb2 60.Rc2 Bd4 61.Rd2 Bc3 62.Rd3 Bb2 63.Kf5 Re5+
64.Kf4 Re7 65.Bg8+ Kc7 66.Rd5 Re8 67.Bh7 Rf8+ 68.Bf5 Rd8  1/2-1/2

[Event "JUG-chT"]
[Site "Igalo"]
[Date "1994.??.??"]
[Round "?"]
[White "Notaros, Krasoje"]
[Black "Lekic, Dusan"]
[Result "1/2-1/2"]
[WhiteElo "2370"]
[BlackElo "2340"]

1.Nf3 d5 2.c4 e6 3.g3 c5 4.cxd5 exd5 5.d4 Nc6 6.Nc3 Nf6 7.Bg2 Be7 8.O-O O-O
9.dxc5 Bxc5 10.Na4 Be7 11.Be3 Re8 12.Nd4 Bg4 13.Nxc6 bxc6 14.Rc1 Qd7 15.Re1 Bh3
16.Bc5 Bxg2 17.Kxg2 Bd8 18.Bd4 h5 19.Nc5 Qf5 20.Qd3 Ne4 21.Nxe4 dxe4 22.Qa6 h4
23.Qxc6 h3+ 24.Kg1 Bg5 25.Qc5 Qg4 26.Be3 Bf6 27.b3 a6 28.Qb4 Rad8 29.Rc4 Qh5
30.Kf1 a5 31.Qb7 Qf5 32.Rc5 Re5 33.Rxe5 Qxe5 34.Qc6 Qb2 35.Qxe4 Qxa2 36.Qb1 Qa3
37.Qc2 Qb4 38.f3 Be5 39.Rd1 Re8 40.Rd3 Qb8 41.Kf2 Bf6 42.Qc4 Rc8 43.Qa6 Rc3
44.Qb6 Qxb6 45.Bxb6 Rc1 46.Bxa5 Rh1 47.Ke3 Be7 48.Bb6 Rxh2 49.Rd1 Rg2 50.Rh1 Rxg3
51.Bc7 Rg5  1/2-1/2

[Event "JUG-chT"]
[Site "Igalo"]
[Date "1994.??.??"]
[Round "?"]
[White "Notaros, Krasoje"]
[Black "Vujosevic, Vladimir"]
[Result "1/2-1/2"]
[WhiteElo "2370"]
[BlackElo "2225"]

1.Nf3 d5 2.c4 e6 3.g3 Nf6 4.Bg2 dxc4 5.Qa4+ Nbd7 6.O-O a6 7.Qxc4 b5 8.Qh4 Bb7
9.d4 c5 10.dxc5 Bxc5 11.Nbd2 O-O 12.Nb3 Be7 13.Qh3 Rc8  1/2-1/2

[Event "JUG-chT"]
[Site "Igalo"]
[Date "1994.??.??"]
[Round "?"]
[White "Petronic, Jovan"]
[Black "Vujosevic, Vladimir"]
[Result "1/2-1/2"]
[WhiteElo "2455"]
[BlackElo "2225"]

1.Nf3 d5 2.c4 e6 3.b3 Nf6 4.g3 Be7 5.Bg2 O-O 6.O-O c5 7.e3 Nc6 8.Bb2 b6 9.Qe2 Bb7
10.d3 Qc7 11.Nbd2 Rfd8 12.a3 dxc4 13.bxc4 Ne8 14.Ne4 Nd6 15.Nc3 a6 16.Na4 Na7
17.Rac1 Bc6 18.Qc2 Nb7 19.d4 Bf6 20.Rfd1 Na5 21.Ba1 Qb7 22.Ne1 Bxg2 23.Nxg2 cxd4
24.exd4 Rac8 25.c5 bxc5 26.Nxc5  1/2-1/2